Online Catalogue and eLibrary

Maternal & Child Care Roles of Women Workers (Record no. 3001)

MARC details
000 -LEADER
fixed length control field 00486nam a2200181Ia 4500
005 - DATE AND TIME OF LATEST TRANSACTION
control field 20240822015344.0
008 - FIXED-LENGTH DATA ELEMENTS--GENERAL INFORMATION
fixed length control field 240331s9999 xx 000 0 und d
020 ## - INTERNATIONAL STANDARD BOOK NUMBER
ISBN 9559052454
082 ## - DDC Classification
Item Number - Author Mark JAY
Class No. 613.042
100 ## - MAIN ENTRY--PERSONAL NAME
Personal name Jayaweera,S. & Sanmugam,T
245 #0 - TITLE STATEMENT
Title Maternal & Child Care Roles of Women Workers
260 ## - PUBLICATION, DISTRIBUTION, ETC.
Place of publication, distribution, etc. Colombo
Name of publisher, distributor, etc. Centre for women's Research
Date of publication, distribution, etc. 1996
300 ## - PHYSICAL DESCRIPTION
Extent (e.g. Volumes, Pages etc.) 101 p ., ( Series 10)
650 ## - SUBJECT ADDED ENTRY--TOPICAL TERM
Topical term or geographic name entry element Child Care
650 ## - SUBJECT ADDED ENTRY--TOPICAL TERM
Topical term or geographic name entry element Economic
650 ## - SUBJECT ADDED ENTRY--TOPICAL TERM
Topical term or geographic name entry element Society
942 ## - Koha item type (Biblio)
Koha item type Books in Stacks (Lending)
Holdings
Lost status Damaged status Collection code Home library Current library Shelving location Date acquired Full call number Accession Number Item type
    Lending WERC Library WERC Library Social Science Cupboard 03/31/2024 613.042 JAY 2207 Books in Stacks (Lending)

© WERC Library